000
00345cam a2200145ua 4500
041
_a
eng
_h
082
_a
615.6
_b
CHU/OR
100
_a
Chumakov, M.P .
245
_a
Oral live Poliovirus vaccine /
_c
M.P.Chumakov.
_h
Textual Documents
260
_a
:
_b
Moscow ,
_c
1961.
300
_a
638 ; .
504
_a
942
_c
BK
999
_c
1006
_d
1006